Nuestra herencia oriental : la civilización en Egipto y el cercano Oriente hasta la muerte de Alejandro, con una introducción sobre el establecimiento de la civilización /

Tallennettuna:
Bibliografiset tiedot
Päätekijä: Durant, Will (autor)
Aineistotyyppi: Kirja
Kieli:espanja
Julkaistu: Buenos Aires, Argentina : Editorial Sudamericana, 1956, c1956
Painos:2a edición
Aiheet:
Tagit: Lisää tagi
Ei tageja, Lisää ensimmäinen tagi!

MARC

LEADER 00000nam^a2200000^a^4500
001 000388054
005 20250521000000.0
009 20260310121044.478
037 |a Acervo ITESO - Biblioteca 
041 |a ESP 
082 |a 909.  |b DUR V. 1 
100 |a Durant, Will  |e (autor) 
240 1 1 |a [Historia de la civilización] 
245 1 0 |a Nuestra herencia oriental :  |b la civilización en Egipto y el cercano Oriente hasta la muerte de Alejandro, con una introducción sobre el establecimiento de la civilización /  |c W. Durant ; tr. por C.A. Jordana. 
250 |a 2a edición 
264 4 |a Buenos Aires, Argentina :  |b Editorial Sudamericana,  |c 1956, c1956 
300 |a 599 p. 
336 |a texto  |b txt  |2 rdacontenido 
337 |a sin mediación  |b n  |2 rdamedio 
338 |a volumen  |b nc  |2 rdasoporte 
500 |a Traducción de: Our Oriental Heritage 
545 0 |a Will Durant (1885-1981) fue un filósofo e historiador estadounidense quien se dio a conocer por la obra La historia de la filosofía (1926), trabajo que hizo que la filosofía recobrara popularidad y después de este éxito dejó la docencia y la escritura se convirtió en su labor principal. Durant se casó con una de sus alumnas mientras daba clases en un programa para la formación de adultos y quien se convertiría en su coautora de su obra más importante; Historia de la civilización que escribiría entre 1935 y 1975, la cual recibió un premio Pullitzer por la publicación del décimo volumen titulado Rousseau y la revolución. La relevancia de la obra de Durant es que ofrece un acercamiento menos erudito al relato de la historia de tal manera que el lector puede observar la narración de los acontecimientos culturales, el pensamiento filosófico y científico más allá de lo político y lo económico. Otras de sus obras fueron: Transition, The Case for India, Adventures in Genius, The Pleasures of Philosophy, The Lessons of History, Interpretations of Life (su única novela) y A Dual Autobiography. 
649 |a XX 
650 |a Sociedad Agraria -  |x Historia 
650 |a Civilización -  |x Historia 
650 |a Literatura -  |x Historia y Crítica 
650 |a Arte -  |x Historia y Crítica -  |x Bibliografías 
650 |a Ciencia -  |x Historia 
650 |a Economía -  |x Historia 
650 |a Política -  |x Historia 
650 |a Etica -  |x Historia 
650 |a Prehistoria 
650 |a Historia Antigua -  |x Tema Principal 
650 |a Historia Universal -  |x Tema Principal 
650 |a Egipto -  |x Historia 
650 |a Irak -  |x Historia -  |y Mesopotamia, 10000 a.C.-637 d.C 
650 |a Irak -  |x Historia -  |y Sumerios, 3500-1400 a.C 
650 |a Egipto -  |x Historia Antigua 
650 |a Egipto -  |x Historia -  |y Monarquía Prehistórica, 4000 a.C 
650 |a Egipto -  |x Historia -  |y Período Dinástico, 3100-2686 a.C 
650 |a Egipto -  |x Historia -  |y Imperio Antiguo, 2686-2181 a.C 
650 |a Egipto -  |x Historia -  |y Período Intermedio, 2181-2040 a.C 
650 |a Egipto -  |x Historia -  |y Imperio Medio, 2040-1786 a.C 
650 |a Egipto -  |x Historia -  |y Segundo Intermedio, 1786-1567 a.C 
650 |a Egipto -  |x Historia -  |x Imperio Nuevo, 1567-1085 a.C 
650 |a Irak -  |x Historia -  |y Imperio Babilónico y Asirio 
650 |a Palestina -  |x Historia Antigua 
650 |a Palestina -  |x Historia -  |y Nabateos, Siglos IV-I a.C 
650 |a Irán -  |x Historia 
650 |a Irán -  |x Historia -  |y Dinastías Persas, 1499-1794 
650 |a Oriente -  |x Historia -  |x Tema Principal 
910 |a Fondo Salvador Reynoso Reynoso 
920 |a Impresos - Libros 
930 |a Fondos Especiales 
905 |a 112 
901 |a 0800010323  |b IT2  |c ESP  |u 20250521 
902 |a https://opac.biblio.iteso.mx/vufind/Record/000388054